000 00627nam a2200193Ia 4500
003 GCL
008 140319s9999 xx 000 0 ara d
040 _aGCL /
_cGCL
082 0 4 _a811.008
_bس ا
100 1 _aحسن البنا عزالدين
245 1 0 _aادب السياسة وسياسة الادب /
_cحسن البنا عزالدين
700 1 _aستيتكبفتش، سوزان بينكس
300 _a232 ص
490 _aدراسات ادبية
_v0
650 0 4 _aالادب العربى
650 0 4 _aالمجموعات الادبية
650 0 4 _aالشعر العربى - مجموعات
942 _2ddc
_cBK
999 _c52169
_d52169